Loading...
| Science - Physics | 0 | 3 | 0 | 0 | 30 | 42 | 65.33 | 0 | 0 | 11.77 | 13.33 |
| Mythology | 0 | 3 | 0 | 1 | 30 | 73 | 91.33 | 1 | 1 | 7.12 | 12.62 |
| Science - Chemistry | 0 | 2 | 0 | 1 | 20 | 61 | 83.50 | 2 | 2 | 4.13 | 13.33 |
| Popular Culture | 0 | 2 | 0 | 0 | 20 | 32 | 35.00 | 1 | 1 | 22.93 | 25.00 |
| Science - Other | 0 | 1 | 0 | 0 | 10 | 52 | 52.00 | 0 | 0 | 4.69 | 5.00 |
| Religion | 0 | 1 | 0 | 0 | 10 | 63 | 63.00 | 0 | 0 | 4.22 | 3.33 |
| Literature - British | 0 | 1 | 0 | 0 | 10 | 86 | 86.00 | 0 | 1 | 2.46 | 5.71 |
| Literature - European | 0 | 1 | 0 | 1 | 10 | 112 | 112.00 | 0 | 1 | 0.67 | 5.00 |
| Science - Biology | 0 | 1 | 0 | 0 | 10 | 90 | 90.00 | 0 | 0 | 0.72 | 1.43 |
| Fine Arts - Classical Music | 0 | 0 | 1 | 0 | -5 | 0.00 | 0 | 0 | 0.00 | 0.00 |